000 00416nam a2200133 4500
999 _c513199
_d513199
008 200129b ||||| |||| 00| 0 eng d
100 _aLee, Joyce Y. et al
_915656
245 _aReforming a system that cannot reform itself: Child welfare reform by Class Action Lawsuits
260 _bSocial Work
300 _a64(4), Oct, 2019: p.283-291.
773 _aSocial Work
906 _aChild welfare
942 _2ddc
_cAR